000 00448nam a2200181Ia 4500
003 GCL
008 140319s9999 xx 000 0 eng d
040 _aGCL /
_cGCL
082 0 4 _a709.32
_bV E
100 1 _aVILIMLMOVA, MILADA
245 1 0 _aEGYPTIAN ART /
_cVILIMLMOVA, MILADA
260 _a[S.N] :
_bPETER NEVILL ،
_c1962
300 _a117 P
650 0 4 _aART - EGYPT
650 0 4 _aANCIENT EGYPTIAN ART
650 0 4 _aARTS
942 _2ddc
_cBK
999 _c19283
_d19283